| 000 | 00618nam a2200193 i 4500 | ||
|---|---|---|---|
| 001 | 81738 | ||
| 003 | ES-MaACL | ||
| 005 | 20250826083348.0 | ||
| 007 | t| | ||
| 008 | 041105m19311933it ||||1| fre d | ||
| 245 | 0 | 0 |
_aHygiene du travail _b: encyclopedie d'higiene. |
| 260 |
_aGeneve : _b[s.n., _c1931-1933] ( _eLyon : _fNoirebercq et Fenetier) |
||
| 300 |
_a2 v. ; _c27 cm. |
||
| 500 | _aPrecede al tít.: Bureau International du Travail. | ||
| 650 | 0 | 7 |
_aHigiene industrial _2embne _913353 |
| 710 | 1 |
_aOficina Internacional del Trabajo _96023 |
|
| 852 |
_aES-MaACL _jB-13306-7 |
||
| 999 |
_c81738 _d81738 |
||